Návrh komplexného informačného systému pre spoločnosť STAVOSERVIS spol. s r.o. Košice
Gespeichert in:
| 1. Verfasser: | |
|---|---|
| Weitere Verfasser: | , , , , |
| Format: | Buch |
| Sprache: | Slowakisch |
| Veröffentlicht: |
Košice
VÚSI
2004
|
| Schlagworte: | |
| Tags: |
Keine Tags, Fügen Sie das erste Tag hinzu!
|
MARC
| LEADER | 00000nam$a2200000$$$4500 | ||
|---|---|---|---|
| 001 | 0088918 | ||
| 005 | 20240502072007.9 | ||
| 041 | 0 | |a slo | |
| 044 | |a SK | ||
| 245 | 1 | 0 | |a Návrh komplexného informačného systému pre spoločnosť STAVOSERVIS spol. s r.o. Košice |c vedúci riešiteľ úlohy: František Mesároš, riešitelia: Peter Mesároš, Gabriela Gajdošová, Milan Schmögner, Martina Maršáleková, Michal Kristiňák |
| 264 | 1 | |a Košice |b VÚSI |c 2004 | |
| 300 | |a [23] s. | ||
| 610 | 2 | 0 | |a systémy informačné |
| 610 | 2 | 0 | |a softvér |
| 610 | 2 | 0 | |a hospodárstvo skladové |
| 610 | 2 | 0 | |a systémy počítačové |
| 610 | 2 | 0 | |a zásoby |
| 610 | 2 | 0 | |a mzdy |
| 610 | 2 | 0 | |a personalistika |
| 610 | 2 | 0 | |a doprava |
| 100 | 1 | |a Mesároš, František | |
| 700 | 1 | |a Mesároš, Peter | |
| 700 | 1 | |a Gajdošová, Gabriela | |
| 700 | 1 | |a Schmögner, Milan | |
| 700 | 1 | |a Maršáleková, Martina | |
| 700 | 1 | |a Kristiňák, Michal | |